00907nam a22001697a 450000500170000000800410001702000180005804000070007604100120008308200210009510000200011624500190013626000480015530000260020352004880022965000200071720260129114256.0221207b ||||| |||| 00| 0 eng d a9780007224951 cAL aEnglish 223a813.54bBENQ aVanora Bennett aQueen of Silks aLondonb HarperCollins Publishers Ltdc2009 a448pbPBc19.7x12.7cm aWhen silk merchant John Lambert marries off his two beautiful daughters, their fortunes are set to change forever. Elder daughter Jane starts a notorious liaison with Edward IV, while her sister, Isabel, as the new silkweaver to the court, becomes privy to its most intimate secrets. Could they hold the keys to power in this time of uncertainty?Vanora Bennett brings to life a time of passions and politics, a time of turmoil and tension, a world in flux and a country up for grabs. aEnglish Fiction